How to reach and teach ADD/ADHD children : practical techniques, strategies, and interventions for helping children with attention problems and hyperactivity /
What is ADD/ADHD? Critical factors in working with ADD?ADHD children. A list of don'ts. A comprehensive treatment program for ADD?ADHD. Preventing behavioral problems in the classroom through management techniques...
Đã lưu trong:
| 主要作者: | |
|---|---|
| 格式: | 圖書 |
| 語言: | English |
| 出版: |
West Nyack, N.Y. :
Center for Applied Research in Education,
1993.
|
| 主題: | |
| 標簽: |
添加標簽
沒有標簽, 成為第一個標記此記錄!
|
| Thư viện lưu trữ: | Mạng thư viện Đại học Đà Nẵng |
|---|
| LEADER | 01449cam a2200361 i 4500 | ||
|---|---|---|---|
| 001 | 000048108 | ||
| 003 | 7811 | ||
| 005 | 20030310102640.0 | ||
| 008 | 010320|1993 vm 000 eng | ||
| 020 | |a 0876284136 | ||
| 040 | |a IRC |c IRC |d IRC | ||
| 041 | 0 | |a eng | |
| 082 | 1 | 4 | |a 371.93 |b RI-S |
| 100 | 1 | |a Rief, Sandra F. | |
| 245 | 0 | 0 | |a How to reach and teach ADD/ADHD children : |b practical techniques, strategies, and interventions for helping children with attention problems and hyperactivity / |c Sandra F. Rief. |
| 260 | |a West Nyack, N.Y. : |b Center for Applied Research in Education, |c 1993. | ||
| 300 | |a xvi, 240 p. : |b ill. ; |c 27.5cm. | ||
| 520 | 3 | |a What is ADD/ADHD? Critical factors in working with ADD?ADHD children. A list of don'ts. A comprehensive treatment program for ADD?ADHD. Preventing behavioral problems in the classroom through management techniques... | |
| 630 | 0 | 4 | |a Education. |
| 630 | 0 | 4 | |a Classroom management. |
| 650 | 0 | 4 | |a Attention-deficit-disordered children |x Education |z United States |v Handbooks, manuals, etc. |
| 650 | 0 | 4 | |a Hyperactive children |x Education |z United States |v Handbooks, manuals, etc. |
| 650 | 0 | 4 | |a Classroom management |z United States |v Handbooks, manuals, etc. |
| OWN | |a DUT | ||
| 999 | |a From the UDN01 | ||
| TYP | |a Monograph | ||
| TYP | |a Printed language | ||
| 980 | |a Mạng thư viện Đại học Đà Nẵng | ||


